[Event "Mitropa Online Cup Women 2021"]
[Site "Hybrid"]
[Date "2021.05.04"]
[Round "5.4"]
[White "Worek, Joanna"]
[Black "Froewis, Annika"]
[Result "1-0"]
[WhiteElo "2322"]
[BlackElo "2143"]
[Annotator "NA"]
[PlyCount "121"]
[EventDate "2021.05.04"]
[EventType "team-tourn"]
[EventCountry "NET"]
[SourceTitle "playchess.com"]
[Source "ChessBase"]
[SourceQuality "1"]
[WhiteTeam "Czech Republic"]
[BlackTeam "Austria"]
[WhiteTeamCountry "CZE"]
[BlackTeamCountry "AUT"]
[TimeControl "40/5400+30:1800+30"]

1. e4 {[%emt 0:00:00]} e5 {[%emt 0:00:07]} 2. Nf3 {[%emt 0:00:08]} d6 {[%emt 0:00:02]} 3. d4 {[%emt 0:00:06]} exd4 {[%emt 0:00:02]} 4. Nxd4 {[%emt 0:00:05]} Nf6 {[%emt 0:00:02]} 5. Nc3 {[%emt 0:00:06]} Be7 {[%emt 0:00:02]} 6. Bd3 {[%emt 0:05:19]} O-O {[%emt 0:01:12]} 7. O-O {[%emt 0:01:59]} Re8 {[%emt 0:00:47]} 8. b3 {[%emt 0:01:49]} c6 {[%emt 0:05:02]} 9. h3 {[%emt 0:05:38]} Bf8 {[%emt 0:00:41]} 10. Re1 {[%emt 0:13:13]} Nbd7 {[%emt 0:00:55]} 11. Bb2 {[%emt 0:04:57]} g6 {[%emt 0:09:41]} 12. Qd2 {[%emt 0:00:17]} Bg7 {[%emt 0:08:36]} 13. Bf1 {[%emt 0:03:47]} Nc5 {[%emt 0:10:49]} 14. f3 {[%emt 0:07:01]} Nh5 {[%emt 0:09:16]} 15. Nde2 {[%emt 0:06:16]} Be5 {[%emt 0:08:09]} 16. Nd1 {[%emt 0:01:28]} Qf6 {[%emt 0:07:51]} 17. Bxe5 {[%emt 0:00:32]} dxe5 {[%emt 0:00:58]} 18. Nf2 {[%emt 0:00:33]} a5 {[%emt 0:07:28]} 19. Rad1 {[%emt 0:02:21]} b6 {[%emt 0:03:54]} 20. Qd6 {[%emt 0:08:21]} Qxd6 {[%emt 0:05:15]} 21. Rxd6 {[%emt 0:00:14]} Bb7 {[%emt 0:00:05]} 22. Red1 {[%emt 0:00:16]} Rac8 {[%emt 0:02:33]} 23. Ng4 {[%emt 0:06:08]} Rc7 {[%emt 0:03:31]} 24. a3 {[%emt 0:08:31]} Bc8 {[%emt 0:01:30]} 25. Ne3 {[%emt 0:00:45]} Nb7 {[%emt 0:01:48]} 26. R6d2 {[%emt 0:00:29]} Be6 {[%emt 0:02:20]} 27. Nc3 {[%emt 0:07:19]} Nf4 {[%emt 0:03:05]} 28. Kf2 {[%emt 0:02:22]} Kf8 {[%emt 0:01:01]} 29. a4 {[%emt 0:02:49]} Nc5 {[%emt 0:03:20]} 30. Bc4 {[%emt 0:00:36]} Rb8 {[%emt 0:02:59]} 31. h4 {[%emt 0:01:04]} Bxc4 {[%emt 0:01:12]} 32. Nxc4 {[%emt 0:00:09]} b5 {[%emt 0:01:09]} 33. Nxe5 {[%emt 0:05:37]} bxa4 {[%emt 0:00:10]} 34. Nxa4 {[%emt 0:01:03]} Nxa4 {[%emt 0:00:38]} 35. bxa4 {[%emt 0:00:04]} Rb2 {[%emt 0:00:37]} 36. c3 {[%emt 0:04:17]} Rb3 {[%emt 0:00:32]} 37. g3 {[%emt 0:01:53]} Ne6 {[%emt 0:00:25]} 38. Rd7 {[%emt 0:00:03]} Rxc3 {[%emt 0:00:40]} 39. Rxc7 {[%emt 0:00:05]} Nxc7 {[%emt 0:00:05]} 40. Rd7 {[%emt 0:00:00]} Ne6 {[%emt 0:00:00]} 41. Rxf7+ {[%emt 0:00:11]} Kg8 {[%emt 0:00:49]} 42. Ra7 {[%emt 0:08:22]} Nd4 {[%emt 0:07:02]} 43. Rxa5 {[%emt 0:01:16]} c5 {[%emt 0:00:57]} 44. Ra7 {[%emt 0:03:44]} Rc2+ {[%emt 0:00:46]} 45. Ke3 {[%emt 0:01:49]} Rc3+ {[%emt 0:04:34]} 46. Kf4 {[%emt 0:02:30]} Ne6+ {[%emt 0:00:14]} 47. Kg4 {[%emt 0:00:06]} h5+ {[%emt 0:03:22]} 48. Kh3 {[%emt 0:00:04]} Nd4 {[%emt 0:00:02]} 49. Nxg6 {[%emt 0:00:45]} Nxf3 {[%emt 0:03:38]} 50. Nf4 {[%emt 0:00:31]} Nd2 {[%emt 0:02:34]} 51. e5 {[%emt 0:01:59]} Ne4 {[%emt 0:02:21]} 52. Nxh5 {[%emt 0:00:14]} Nf2+ {[%emt 0:00:30]} 53. Kg2 {[%emt 0:00:16]} Rc2 {[%emt 0:02:50]} 54. e6 {[%emt 0:00:35]} Ne4+ {[%emt 0:01:07]} 55. Kf3 {[%emt 0:00:39]} Nd6 {[%emt 0:00:21]} 56. Nf6+ {[%emt 0:00:15]} Kf8 {[%emt 0:00:09]} 57. e7+ {[%emt 0:00:11]} Kf7 {[%emt 0:00:17]} 58. e8=Q+ {[%emt 0:00:05]} Kxf6 {[%emt 0:00:11]} 59. Qe7+ {[%emt 0:00:03]} Kf5 {[%emt 0:00:08]} 60. Qg5+ {[%emt 0:00:25]} Ke6 {[%emt 0:00:04]} 61. Re7# {[%emt 0:00:04]} 1-0

[Event "Mitropa Online Cup Women 2021"]
[Site "Hybrid"]
[Date "2021.05.04"]
[Round "5.4"]
[White "Novkovic, Julia"]
[Black "Olsarova, Karolina"]
[Result "1/2-1/2"]
[WhiteElo "2170"]
[BlackElo "2290"]
[Annotator "NA"]
[PlyCount "75"]
[EventDate "2021.05.04"]
[EventType "team-tourn"]
[EventCountry "NET"]
[SourceTitle "playchess.com"]
[Source "ChessBase"]
[SourceQuality "1"]
[WhiteTeam "Austria"]
[BlackTeam "Czech Republic"]
[WhiteTeamCountry "AUT"]
[BlackTeamCountry "CZE"]
[TimeControl "40/5400+30:1800+30"]

1. e4 {[%emt 0:00:00]} e5 {[%emt 0:00:04]} 2. Nf3 {[%emt 0:00:05]} Nc6 {[%emt 0:00:05]} 3. Nc3 {[%emt 0:00:08]} Nf6 {[%emt 0:00:06]} 4. d4 {[%emt 0:00:05]} Bb4 {[%emt 0:00:17]} 5. Nxe5 {[%emt 0:07:38]} Qe7 {[%emt 0:00:56]} 6. Nxc6 {[%emt 0:18:07]} Qxe4+ {[%emt 0:00:32]} 7. Qe2 {[%emt 0:01:17]} Bxc3+ {[%emt 0:02:41]} 8. bxc3 {[%emt 0:00:13]} dxc6 {[%emt 0:00:20]} 9. f3 {[%emt 0:17:05]} Qxe2+ {[%emt 0:07:47]} 10. Bxe2 {[%emt 0:00:07]} Be6 {[%emt 0:00:11]} 11. O-O {[%emt 0:08:27]} Nd5 {[%emt 0:03:33]} 12. c4 {[%emt 0:01:27]} Nb6 {[%emt 0:03:00]} 13. c5 {[%emt 0:01:50]} Nd5 {[%emt 0:03:42]} 14. Bd2 {[%emt 0:04:58]} O-O-O {[%emt 0:10:34]} 15. c3 {[%emt 0:04:59]} Bf5 {[%emt 0:13:36]} 16. Rfe1 {[%emt 0:02:25]} h5 {[%emt 0:05:04]} 17. g3 {[%emt 0:01:19]} Rd7 {[%emt 0:15:03]} 18. Bf1 {[%emt 0:00:33]} Re7 {[%emt 0:08:08]} 19. Rxe7 {[%emt 0:03:55]} Nxe7 {[%emt 0:00:06]} 20. Re1 {[%emt 0:01:08]} Be6 {[%emt 0:00:23]} 21. a3 {[%emt 0:00:51]} Kd7 {[%emt 0:00:18]} 22. Bg5 {[%emt 0:02:43]} f6 {[%emt 0:03:27]} 23. Bc1 {[%emt 0:00:06]} Nd5 {[%emt 0:05:34]} 24. Bb2 {[%emt 0:02:34]} Bf5 {[%emt 0:04:38]} 25. Kf2 {[%emt 0:03:14]} Rb8 {[%emt 0:00:17]} 26. c4 {[%emt 0:02:34]} Ne7 {[%emt 0:00:21]} 27. Re3 {[%emt 0:03:12]} Rd8 {[%emt 0:01:42]} 28. Re1 {[%emt 0:04:46]} Ke8 {[%emt 0:01:08]} 29. h3 {[%emt 0:00:11]} Kf7 {[%emt 0:00:56]} 30. g4 {[%emt 0:00:42]} Be6 {[%emt 0:02:44]} 31. Kg3 {[%emt 0:01:35]} g5 {[%emt 0:03:00]} 32. Bd3 {[%emt 0:03:40]} Rh8 {[%emt 0:01:26]} 33. Bc3 {[%emt 0:00:40]} hxg4 {[%emt 0:02:39]} 34. hxg4 {[%emt 0:00:25]} Bc8 {[%emt 0:01:05]} 35. Be4 {[%emt 0:00:44]} Be6 {[%emt 0:00:11]} 36. Bd3 {[%emt 0:00:21]} Bc8 {[%emt 0:00:21]} 37. Be4 {[%emt 0:00:39]} Be6 {[%emt 0:00:19]} 38. Bd3 {[%emt 0:01:54]} 1/2-1/2

[Event "Mitropa Online Cup Women 2021"]
[Site "Hybrid"]
[Date "2021.05.04"]
[Round "5.4"]
[White "Hapala, Elisabeth"]
[Black "Richterova, Natasa"]
[Result "0-1"]
[WhiteElo "2120"]
[BlackElo "2188"]
[Annotator "NA"]
[PlyCount "124"]
[EventDate "2021.05.04"]
[EventType "team-tourn"]
[EventCountry "NET"]
[SourceTitle "playchess.com"]
[Source "ChessBase"]
[SourceQuality "1"]
[WhiteTeam "Austria"]
[BlackTeam "Czech Republic"]
[WhiteTeamCountry "AUT"]
[BlackTeamCountry "CZE"]
[TimeControl "40/5400+30:1800+30"]

1. e4 {[%emt 0:00:00]} c6 {[%emt 0:00:20]} 2. d4 {[%emt 0:00:05]} d5 {[%emt 0:00:07]} 3. e5 {[%emt 0:00:03]} Bf5 {[%emt 0:00:07]} 4. h4 {[%emt 0:00:05]} h5 {[%emt 0:04:21]} 5. c4 {[%emt 0:00:08]} dxc4 {[%emt 0:01:21]} 6. Bxc4 {[%emt 0:03:18]} e6 {[%emt 0:00:45]} 7. Nc3 {[%emt 0:02:17]} Nd7 {[%emt 0:03:42]} 8. Nge2 {[%emt 0:01:44]} Be7 {[%emt 0:16:42]} 9. Ng3 {[%emt 0:04:36]} Bg6 {[%emt 0:07:43]} 10. Nge4 {[%emt 0:04:24]} Nb6 {[%emt 0:05:31]} 11. Bb3 {[%emt 0:01:55]} Nd5 {[%emt 0:02:27]} 12. Nxd5 {[%emt 0:11:48]} cxd5 {[%emt 0:11:32]} 13. Ba4+ {[%emt 0:08:33]} Kf8 {[%emt 0:01:27]} 14. Ng5 {[%emt 0:00:41]} Qa5+ {[%emt 0:03:52]} 15. Bd2 {[%emt 0:11:49]} Bb4 {[%emt 0:03:05]} 16. Bb3 {[%emt 0:01:13]} Rc8 {[%emt 0:02:20]} 17. Bxb4+ {[%emt 0:04:55]} Qxb4+ {[%emt 0:03:41]} 18. Qd2 {[%emt 0:00:04]} Qxd2+ {[%emt 0:10:21]} 19. Kxd2 {[%emt 0:00:04]} Ke7 {[%emt 0:00:40]} 20. Rac1 {[%emt 0:20:43]} Nh6 {[%emt 0:00:09]} 21. Bc2 {[%emt 0:06:41]} Bxc2 {[%emt 0:03:12]} 22. Rxc2 {[%emt 0:00:04]} Rxc2+ {[%emt 0:01:02]} 23. Kxc2 {[%emt 0:00:04]} f6 {[%emt 0:01:12]} 24. Nf3 {[%emt 0:03:28]} Ng4 {[%emt 0:01:06]} 25. Rf1 {[%emt 0:02:49]} Rc8+ {[%emt 0:00:40]} 26. Kd3 {[%emt 0:00:14]} b5 {[%emt 0:04:35]} 27. exf6+ {[%emt 0:03:15]} gxf6 {[%emt 0:00:13]} 28. Nd2 {[%emt 0:00:56]} e5 {[%emt 0:00:34]} 29. f3 {[%emt 0:00:36]} Nh6 {[%emt 0:00:09]} 30. Nb3 {[%emt 0:01:52]} Nf5 {[%emt 0:00:41]} 31. dxe5 {[%emt 0:03:08]} fxe5 {[%emt 0:00:08]} 32. g4 {[%emt 0:00:23]} hxg4 {[%emt 0:00:29]} 33. fxg4 {[%emt 0:00:06]} Nxh4 {[%emt 0:05:34]} 34. Rh1 {[%emt 0:00:04]} Rh8 {[%emt 0:00:25]} 35. Rc1 {[%emt 0:00:42]} Kd6 {[%emt 0:00:17]} 36. Na5 {[%emt 0:02:53]} Rg8 {[%emt 0:01:46]} 37. Rc6+ {[%emt 0:01:11]} Kd7 {[%emt 0:00:05]} 38. Rc5 {[%emt 0:00:19]} Ke6 {[%emt 0:05:06]} 39. Rc6+ {[%emt 0:00:39]} Kd7 {[%emt 0:01:21]} 40. Rc5 {[%emt 0:00:00]} e4+ {[%emt 0:00:00]} 41. Kc3 {[%emt 0:19:19]} Kd6 {[%emt 0:02:37]} 42. Rxb5 {[%emt 0:00:40]} Rxg4 {[%emt 0:01:13]} 43. Rb8 {[%emt 0:03:04]} Rg3+ {[%emt 0:00:48]} 44. Kc2 {[%emt 0:00:16]} Nf5 {[%emt 0:02:21]} 45. Rd8+ {[%emt 0:02:35]} Kc7 {[%emt 0:05:43]} 46. Re8 {[%emt 0:00:24]} Nd4+ {[%emt 0:00:57]} 47. Kd2 {[%emt 0:01:57]} Rd3+ {[%emt 0:00:18]} 48. Ke1 {[%emt 0:00:35]} Kb6 {[%emt 0:00:16]} 49. Nb3 {[%emt 0:06:12]} Nxb3 {[%emt 0:00:06]} 50. axb3 {[%emt 0:00:01]} Kc5 {[%emt 0:00:16]} 51. Rb8 {[%emt 0:01:22]} a5 {[%emt 0:00:38]} 52. Ra8 {[%emt 0:01:04]} Rxb3 {[%emt 0:00:34]} 53. Rxa5+ {[%emt 0:00:02]} Kd4 {[%emt 0:00:14]} 54. Ra2 {[%emt 0:00:58]} Kd3 {[%emt 0:00:10]} 55. Kd1 {[%emt 0:00:14]} e3 {[%emt 0:00:39]} 56. Ke1 {[%emt 0:00:16]} d4 {[%emt 0:00:50]} 57. Kd1 {[%emt 0:00:06]} Ke4 {[%emt 0:03:03]} 58. Ke1 {[%emt 0:00:44]} Kf3 {[%emt 0:00:19]} 59. Ra4 {[%emt 0:01:07]} Rxb2 {[%emt 0:00:42]} 60. Rxd4 {[%emt 0:00:03]} Rb1+ {[%emt 0:00:09]} 61. Rd1 {[%emt 0:00:03]} Rxd1+ {[%emt 0:00:04]} 62. Kxd1 {[%emt 0:00:02]} Kf2 {[%emt 0:00:03]} 0-1

[Event "Mitropa Online Cup Women 2021"]
[Site "Hybrid"]
[Date "2021.05.04"]
[Round "5.5"]
[White "Terbe, Julianna"]
[Black "Movsesian, Julia"]
[Result "1-0"]
[WhiteElo "2267"]
[BlackElo "2342"]
[Annotator "NA"]
[PlyCount "73"]
[EventDate "2021.05.04"]
[EventType "team-tourn"]
[EventCountry "NET"]
[SourceTitle "playchess.com"]
[Source "ChessBase"]
[SourceQuality "1"]
[WhiteTeam "Hungary"]
[BlackTeam "Slovakia"]
[WhiteTeamCountry "HUN"]
[BlackTeamCountry "SVK"]
[TimeControl "40/5400+30:1800+30"]

1. d4 {[%emt 0:00:00]} Nf6 {[%emt 0:00:10]} 2. Nf3 {[%emt 0:00:06]} d5 {[%emt 0:00:31]} 3. g3 {[%emt 0:00:06]} e6 {[%emt 0:00:48]} 4. Bg2 {[%emt 0:00:08]} b5 {[%emt 0:00:27]} 5. O-O {[%emt 0:00:11]} Be7 {[%emt 0:02:58]} 6. a4 {[%emt 0:00:17]} b4 {[%emt 0:00:17]} 7. c4 {[%emt 0:00:05]} bxc3 {[%emt 0:01:03]} 8. Nxc3 {[%emt 0:00:05]} O-O {[%emt 0:02:37]} 9. Bf4 {[%emt 0:03:39]} c5 {[%emt 0:04:15]} 10. Nb5 {[%emt 0:04:05]} Na6 {[%emt 0:02:45]} 11. Ne5 {[%emt 0:07:59]} Bb7 {[%emt 0:03:46]} 12. Rc1 {[%emt 0:02:12]} Nd7 {[%emt 0:02:56]} 13. Nxd7 {[%emt 0:05:17]} Qxd7 {[%emt 0:00:27]} 14. dxc5 {[%emt 0:01:21]} Bxc5 {[%emt 0:02:37]} 15. Qd3 {[%emt 0:19:00]} Rfd8 {[%emt 0:04:12]} 16. Nc7 {[%emt 0:07:42]} Nxc7 {[%emt 0:04:20]} 17. Rxc5 {[%emt 0:00:20]} Na6 {[%emt 0:00:13]} 18. Rb5 {[%emt 0:02:43]} Rac8 {[%emt 0:08:35]} 19. Qd4 {[%emt 0:09:12]} Ba8 {[%emt 0:02:56]} 20. b3 {[%emt 0:02:45]} Nb8 {[%emt 0:05:00]} 21. Rxb8 {[%emt 0:05:42]} Rxb8 {[%emt 0:00:21]} 22. Bxb8 {[%emt 0:00:13]} Rxb8 {[%emt 0:00:20]} 23. Rc1 {[%emt 0:00:10]} h6 {[%emt 0:03:29]} 24. Qf4 {[%emt 0:04:37]} Rxb3 {[%emt 0:04:25]} 25. Rc7 {[%emt 0:00:20]} Qe8 {[%emt 0:00:12]} 26. Rxa7 {[%emt 0:00:49]} e5 {[%emt 0:08:29]} 27. Qf5 {[%emt 0:04:24]} e4 {[%emt 0:10:29]} 28. h4 {[%emt 0:07:23]} Bb7 {[%emt 0:05:50]} 29. e3 {[%emt 0:04:57]} Rb1+ {[%emt 0:07:59]} 30. Kh2 {[%emt 0:01:27]} Qc6 {[%emt 0:01:06]} 31. Qe5 {[%emt 0:01:31]} Qb6 {[%emt 0:05:51]} 32. Qb8+ {[%emt 0:00:36]} Kh7 {[%emt 0:00:28]} 33. a5 {[%emt 0:00:33]} Qb2 {[%emt 0:00:17]} 34. Qf4 {[%emt 0:00:50]} Bc8 {[%emt 0:05:47]} 35. Qxf7 {[%emt 0:01:42]} Rd1 {[%emt 0:00:05]} 36. Rc7 {[%emt 0:02:11]} Bg4 {[%emt 0:00:12]} 37. h5 {[%emt 0:01:31]} 1-0

[Event "Mitropa Online Cup Women 2021"]
[Site "Hybrid"]
[Date "2021.05.04"]
[Round "5.5"]
[White "Karacsonyi, Kata"]
[Black "Ferkova, Dominika"]
[Result "1-0"]
[WhiteElo "2138"]
[BlackElo "2006"]
[Annotator "NA"]
[PlyCount "97"]
[EventDate "2021.05.04"]
[EventType "team-tourn"]
[EventCountry "NET"]
[SourceTitle "playchess.com"]
[Source "ChessBase"]
[SourceQuality "1"]
[WhiteTeam "Hungary"]
[BlackTeam "Slovakia"]
[WhiteTeamCountry "HUN"]
[BlackTeamCountry "SVK"]
[TimeControl "40/5400+30:1800+30"]

1. e4 {[%emt 0:00:00]} c6 {[%emt 0:00:08]} 2. Nf3 {[%emt 0:00:06]} d5 {[%emt 0:00:07]} 3. Nc3 {[%emt 0:00:05]} Bg4 {[%emt 0:00:08]} 4. h3 {[%emt 0:00:05]} Bxf3 {[%emt 0:00:09]} 5. Qxf3 {[%emt 0:00:07]} e6 {[%emt 0:00:06]} 6. Be2 {[%emt 0:00:05]} Bc5 {[%emt 0:01:05]} 7. O-O {[%emt 0:00:26]} Ne7 {[%emt 0:00:26]} 8. Na4 {[%emt 0:01:19]} Bd6 {[%emt 0:04:16]} 9. d4 {[%emt 0:00:18]} dxe4 {[%emt 0:00:20]} 10. Qxe4 {[%emt 0:00:10]} Nd7 {[%emt 0:01:05]} 11. b3 {[%emt 0:10:39]} O-O {[%emt 0:06:21]} 12. Bb2 {[%emt 0:06:43]} Nf6 {[%emt 0:04:10]} 13. Qf3 {[%emt 0:01:47]} Nf5 {[%emt 0:15:13]} 14. g3 {[%emt 0:18:19]} Bc7 {[%emt 0:09:09]} 15. Rfd1 {[%emt 0:03:46]} Qd5 {[%emt 0:10:29]} 16. c4 {[%emt 0:06:19]} Qxf3 {[%emt 0:01:16]} 17. Bxf3 {[%emt 0:00:07]} Rad8 {[%emt 0:01:23]} 18. Nc5 {[%emt 0:02:27]} Nd6 {[%emt 0:06:06]} 19. d5 {[%emt 0:10:04]} cxd5 {[%emt 0:02:43]} 20. Bxf6 {[%emt 0:10:48]} gxf6 {[%emt 0:00:18]} 21. cxd5 {[%emt 0:00:11]} e5 {[%emt 0:06:08]} 22. Rac1 {[%emt 0:03:58]} Bb6 {[%emt 0:04:42]} 23. g4 {[%emt 0:10:38]} f5 {[%emt 0:10:08]} 24. gxf5 {[%emt 0:00:47]} Nxf5 {[%emt 0:00:26]} 25. Nxb7 {[%emt 0:01:18]} Rc8 {[%emt 0:05:13]} 26. Rxc8 {[%emt 0:05:30]} Rxc8 {[%emt 0:00:07]} 27. Bg4 {[%emt 0:00:49]} Rb8 {[%emt 0:01:54]} 28. Bxf5 {[%emt 0:00:26]} Rxb7 {[%emt 0:00:16]} 29. d6 {[%emt 0:00:13]} Rb8 {[%emt 0:00:42]} 30. d7 {[%emt 0:02:02]} Rd8 {[%emt 0:00:21]} 31. Kg2 {[%emt 0:02:11]} Kg7 {[%emt 0:00:46]} 32. Rd6 {[%emt 0:00:58]} f6 {[%emt 0:03:08]} 33. b4 {[%emt 0:01:03]} h6 {[%emt 0:01:22]} 34. a4 {[%emt 0:00:19]} Kf7 {[%emt 0:00:19]} 35. a5 {[%emt 0:01:06]} Bd4 {[%emt 0:00:39]} 36. Rc6 {[%emt 0:00:21]} Ke7 {[%emt 0:01:37]} 37. b5 {[%emt 0:00:54]} h5 {[%emt 0:01:15]} 38. h4 {[%emt 0:00:50]} e4 {[%emt 0:02:30]} 39. b6 {[%emt 0:00:26]} axb6 {[%emt 0:00:53]} 40. axb6 {[%emt 0:00:00]} e3 {[%emt 0:00:00]} 41. fxe3 {[%emt 0:00:34]} Be5 {[%emt 0:01:37]} 42. Rc8 {[%emt 0:02:35]} Bd6 {[%emt 0:00:21]} 43. Kf3 {[%emt 0:00:27]} Be5 {[%emt 0:00:11]} 44. Ke4 {[%emt 0:01:44]} Bg3 {[%emt 0:00:05]} 45. b7 {[%emt 0:02:11]} Be5 {[%emt 0:00:10]} 46. Kd5 {[%emt 0:00:06]} Bg3 {[%emt 0:00:05]} 47. Kc6 {[%emt 0:00:06]} Be5 {[%emt 0:00:14]} 48. Kb6 {[%emt 0:00:15]} Bb8 {[%emt 0:00:07]} 49. Ka6 {[%emt 0:00:14]} 1-0

[Event "Mitropa Online Cup Women 2021"]
[Site "Hybrid"]
[Date "2021.05.04"]
[Round "5.5"]
[White "Sankova, Stella"]
[Black "Gaal, Zsoka"]
[Result "1/2-1/2"]
[WhiteElo "2087"]
[BlackElo "2169"]
[Annotator "NA"]
[PlyCount "53"]
[EventDate "2021.05.04"]
[EventType "team-tourn"]
[EventCountry "NET"]
[SourceTitle "playchess.com"]
[Source "ChessBase"]
[SourceQuality "1"]
[WhiteTeam "Slovakia"]
[BlackTeam "Hungary"]
[WhiteTeamCountry "SVK"]
[BlackTeamCountry "HUN"]
[TimeControl "40/5400+30:1800+30"]

1. e4 {[%emt 0:00:00]} c5 {[%emt 0:00:06]} 2. Nf3 {[%emt 0:00:09]} e6 {[%emt 0:00:05]} 3. g3 {[%emt 0:00:37]} Nc6 {[%emt 0:00:05]} 4. Bg2 {[%emt 0:00:06]} Nf6 {[%emt 0:00:05]} 5. Qe2 {[%emt 0:00:12]} e5 {[%emt 0:00:05]} 6. O-O {[%emt 0:03:26]} Be7 {[%emt 0:00:10]} 7. c3 {[%emt 0:07:45]} O-O {[%emt 0:00:07]} 8. Rd1 {[%emt 0:00:19]} d5 {[%emt 0:12:00]} 9. d4 {[%emt 0:14:31]} dxe4 {[%emt 0:13:54]} 10. Nxe5 {[%emt 0:04:07]} cxd4 {[%emt 0:03:26]} 11. Nxc6 {[%emt 0:01:27]} bxc6 {[%emt 0:00:05]} 12. Rxd4 {[%emt 0:00:53]} Qb6 {[%emt 0:07:28]} 13. Be3 {[%emt 0:08:04]} c5 {[%emt 0:07:07]} 14. Rd2 {[%emt 0:02:35]} Bg4 {[%emt 0:05:10]} 15. Qe1 {[%emt 0:01:46]} Rad8 {[%emt 0:06:06]} 16. Na3 {[%emt 0:02:10]} Qe6 {[%emt 0:01:45]} 17. Bf1 {[%emt 0:07:26]} Bf3 {[%emt 0:01:07]} 18. Nc4 {[%emt 0:08:25]} h5 {[%emt 0:07:11]} 19. Rxd8 {[%emt 0:05:28]} Rxd8 {[%emt 0:00:18]} 20. Nd2 {[%emt 0:00:08]} Nd5 {[%emt 0:09:56]} 21. c4 {[%emt 0:05:02]} Nb4 {[%emt 0:07:13]} 22. Nxf3 {[%emt 0:00:11]} exf3 {[%emt 0:00:03]} 23. Rd1 {[%emt 0:03:10]} Re8 {[%emt 0:05:45]} 24. Qd2 {[%emt 0:05:35]} Rd8 {[%emt 0:05:31]} 25. Qe1 {[%emt 0:00:24]} Re8 {[%emt 0:01:49]} 26. Qd2 {[%emt 0:00:10]} Rd8 {[%emt 0:00:56]} 27. Qe1 {[%emt 0:00:10]} 1/2-1/2

[Event "Mitropa Online Cup Women 2021"]
[Site "Hybrid"]
[Date "2021.05.04"]
[Round "5.5"]
[White "Taragelova, Martina"]
[Black "Juhasz, Judit"]
[Result "1/2-1/2"]
[WhiteElo "2010"]
[BlackElo "2153"]
[Annotator "NA"]
[PlyCount "74"]
[EventDate "2021.05.04"]
[EventType "team-tourn"]
[EventCountry "NET"]
[SourceTitle "playchess.com"]
[Source "ChessBase"]
[SourceQuality "1"]
[WhiteTeam "Slovakia"]
[BlackTeam "Hungary"]
[WhiteTeamCountry "SVK"]
[BlackTeamCountry "HUN"]
[TimeControl "40/5400+30:1800+30"]

1. e4 {[%emt 0:00:00]} c5 {[%emt 0:00:07]} 2. Nf3 {[%emt 0:00:13]} Nc6 {[%emt 0:00:08]} 3. d4 {[%emt 0:00:17]} cxd4 {[%emt 0:00:07]} 4. Nxd4 {[%emt 0:00:13]} Qb6 {[%emt 0:00:11]} 5. Nb3 {[%emt 0:00:33]} Nf6 {[%emt 0:00:07]} 6. Nc3 {[%emt 0:00:24]} e6 {[%emt 0:00:08]} 7. Bd3 {[%emt 0:00:41]} a6 {[%emt 0:00:57]} 8. O-O {[%emt 0:01:06]} Qc7 {[%emt 0:00:45]} 9. Be3 {[%emt 0:01:43]} b5 {[%emt 0:00:37]} 10. f4 {[%emt 0:02:01]} d6 {[%emt 0:01:25]} 11. Qf3 {[%emt 0:02:10]} Bb7 {[%emt 0:00:45]} 12. Rae1 {[%emt 0:09:26]} Be7 {[%emt 0:02:45]} 13. Qg3 {[%emt 0:07:42]} O-O {[%emt 0:03:56]} 14. e5 {[%emt 0:20:07]} dxe5 {[%emt 0:08:15]} 15. fxe5 {[%emt 0:06:42]} Qxe5 {[%emt 0:11:11]} 16. Bf4 {[%emt 0:03:05]} Qh5 {[%emt 0:00:09]} 17. Ne4 {[%emt 0:09:09]} Nd5 {[%emt 0:08:32]} 18. Bd6 {[%emt 0:11:34]} Rad8 {[%emt 0:19:27]} 19. Bxe7 {[%emt 0:05:20]} Ncxe7 {[%emt 0:01:48]} 20. Nec5 {[%emt 0:01:39]} Bc8 {[%emt 0:01:34]} 21. Rf3 {[%emt 0:10:25]} Nc6 {[%emt 0:05:48]} 22. Re4 {[%emt 0:01:59]} f5 {[%emt 0:04:01]} 23. Nxe6 {[%emt 0:01:25]} Bxe6 {[%emt 0:00:52]} 24. Rxe6 {[%emt 0:00:09]} Ncb4 {[%emt 0:02:26]} 25. a3 {[%emt 0:02:03]} Nxd3 {[%emt 0:03:01]} 26. Rxd3 {[%emt 0:00:26]} a5 {[%emt 0:05:42]} 27. Qe5 {[%emt 0:01:16]} Nf6 {[%emt 0:02:50]} 28. Qe2 {[%emt 0:01:21]} Qxe2 {[%emt 0:10:40]} 29. Rxe2 {[%emt 0:00:07]} Rxd3 {[%emt 0:00:04]} 30. cxd3 {[%emt 0:00:05]} Rd8 {[%emt 0:02:08]} 31. Nxa5 {[%emt 0:01:10]} Rxd3 {[%emt 0:00:13]} 32. Nc6 {[%emt 0:00:45]} Rd1+ {[%emt 0:00:11]} 33. Kf2 {[%emt 0:00:06]} Ng4+ {[%emt 0:02:09]} 34. Kg3 {[%emt 0:00:27]} g6 {[%emt 0:01:43]} 35. h3 {[%emt 0:00:34]} Nf6 {[%emt 0:00:16]} 36. Nb4 {[%emt 0:00:56]} Ne4+ {[%emt 0:00:07]} 37. Kf4 {[%emt 0:00:31]} Kf7 {[%emt 0:00:36]} 1/2-1/2